000 00644nam a2200169Ia 4500
008 151213s9999 xx 000 0 und d
020 _a9878090436
100 _aআবরার হোসেন কাদেরী
245 _aআ্যসেমব্লি ল্যাঙ্গুুয়েজ প্রোগ্রামিং
_cআবরার হোসেন কাদেরী
250 _a১ম সং
260 _aঢাকা
_bইউ. জি . ডস
_c2008
300 _a7203 p.
650 _aComputer
650 _aকম্পিউটার
700 _aআবরার হোসেন কাদেরী
999 _c3837
_d3837